| 000 | 00419nam a2200157Ia 4500 | ||
|---|---|---|---|
| 008 | 241014s9999||||xx |||||||||||||| ||und|| | ||
| 020 | _a978-0824706746 | ||
| 060 | _aQV 785 B 2009 | ||
| 100 | _aGilbert S. Banker, Christopher T. Rhodes | ||
| 245 | 0 | _aModern Pharmaceutics: Revised and Expanded. | |
| 250 | _a4th | ||
| 260 |
_bInforma Healthcare _c2009 |
||
| 300 | _a838 | ||
| 650 | _aPharmacology | ||
| 942 |
_bDIMC _cBK |
||
| 999 |
_c8074 _d8074 |
||